000 00682nam a2200289Ia 4500
005 20260324130431.0
008 008 260324s9999 xx 000 0 eng d
020 _a9781315084480
037 _aEBOOK
040 _aCRL
040 _beng
040 _cCRL
041 _2eng
041 _aeng
084 _qCRL
100 _aDonna Lardiere
_91181755
245 0 _aUltimate Attainment in Second Language Acquisition
245 2 _bA Case Study
260 _bTaylor and Francis
260 _c2007
365 _a
365 _b230
856 _uhttp://www.taylorfrancis.com/books/9781315084480
942 _cEBOOK
999 _c1777931
_d1777931